<?xml version="1.0" encoding="UTF-8"?>
<collection xmlns="http://www.loc.gov/MARC21/slim">
 <record>
  <leader>01489ppm a22003618a 4500</leader>
  <controlfield tag="001">00031783</controlfield>
  <controlfield tag="005">20171026081025.0</controlfield>
  <controlfield tag="008">140217s2011                  ||||||viesd</controlfield>
  <datafield tag="041" ind1="0" ind2="#">
   <subfield code="a">vie</subfield>
  </datafield>
  <datafield tag="082" ind1="1" ind2="4">
   <subfield code="b">TH552TR</subfield>
   <subfield code="a">373.1</subfield>
  </datafield>
  <datafield tag="100" ind1="0" ind2="#">
   <subfield code="a">Trần, Song Hào</subfield>
  </datafield>
  <datafield tag="245" ind1="1" ind2="0">
   <subfield code="a">Thực trạng, giải pháp hạn chế về bạo lực học đường ở trường Trung học cơ sở Mỹ Trà- xã Mỹ Trà, Thành phố Cao Lãnh, Đồng Tháp</subfield>
   <subfield code="b">Khóa luận tốt nghiệp : Ngành Công tác xã hội: Trình độ : Đại học</subfield>
   <subfield code="c">Trần Song Hào, Nguyễn Ngọc Ân; Vũ Thị Phương (hướng dẫn)</subfield>
  </datafield>
  <datafield tag="260" ind1="#" ind2="#">
   <subfield code="b">Trường Đại học Đồng Tháp</subfield>
   <subfield code="c">2011</subfield>
   <subfield code="a">Đồng Tháp</subfield>
  </datafield>
  <datafield tag="300" ind1="#" ind2="#">
   <subfield code="e">1 bản tóm tắt</subfield>
   <subfield code="a">57 tr. +phụ lục</subfield>
   <subfield code="c">30 cm.</subfield>
  </datafield>
  <datafield tag="500" ind1="#" ind2="#">
   <subfield code="a">ĐTTTS ghi: Bộ Giáo dục và Đào tạo. Trường Đại học Đồng Tháp</subfield>
  </datafield>
  <datafield tag="653" ind1="#" ind2="#">
   <subfield code="a">Bạo lực học đường</subfield>
  </datafield>
  <datafield tag="653" ind1="#" ind2="#">
   <subfield code="a">Giải pháp</subfield>
  </datafield>
  <datafield tag="653" ind1="#" ind2="#">
   <subfield code="a">Đồng Tháp</subfield>
  </datafield>
  <datafield tag="653" ind1="#" ind2="#">
   <subfield code="a">Trung học cơ sở</subfield>
  </datafield>
  <datafield tag="653" ind1="#" ind2="#">
   <subfield code="a">Thực trạng</subfield>
  </datafield>
  <datafield tag="653" ind1="#" ind2="#">
   <subfield code="a">Mỹ Trà</subfield>
  </datafield>
  <datafield tag="700" ind1="1" ind2="#">
   <subfield code="a">Nguyễn, Ngọc Ân</subfield>
  </datafield>
  <datafield tag="700" ind1="1" ind2="#">
   <subfield code="a">Vũ, Thị Phương</subfield>
   <subfield code="e">hướng dẫn</subfield>
  </datafield>
  <datafield tag="852" ind1="#" ind2="#">
   <subfield code="j">KD.0015368</subfield>
  </datafield>
  <datafield tag="852" ind1="#" ind2="#">
   <subfield code="b">Kho đọc</subfield>
   <subfield code="j">KD.0015368</subfield>
  </datafield>
  <datafield tag="910" ind1="0" ind2="#">
   <subfield code="d">26/02/2014</subfield>
  </datafield>
  <datafield tag="980" ind1="#" ind2="#">
   <subfield code="a">Trung tâm Học liệu Lê Vũ Hùng, Trường Đại học Đồng Tháp</subfield>
  </datafield>
 </record>
</collection>
